000
00231nam a2200085Ia 4500
008
240331s9999 xx 000 0 und d
100
_a
Wijesinha, R. ed
245
3
_a
An anthology of contemporary Sri Lankan poetry in english
942
_c
L
999
_c
3340
_d
3340